Medagliere Olimpiadi invernali Sankt Moritz 1928 - Statistics

Statistiche generali
  • Questo quiz è stato fatto 2 volte
  • Il punteggio medio è 9 su 12
Statistiche sulle risposte
Medaglie d'Oro Medaglie d'Argento Medaglie di Bronzo Medaglie complessive Rappresentativa olimpica % Corretto
0 3 1 4 Austria
100%
0 0 1 1 Belgio
100%
1 0 0 1 Francia
100%
0 0 1 1 Regno Unito
100%
2 2 2 6 Stati Uniti
100%
2 2 1 5 Svezia
100%
0 0 1 1 Svizzera
100%
1 0 0 1 Canada
50%
0 0 1 1 Germania
50%
6 4 5 15 Norvegia
50%
0 0 1 1 Cecoslovacchia
0%
2 1 1 4 Finlandia
0%
Nessun quiz corrispondente trovato
Distribuzione punteggi
Percentuale di utenti per punteggio
Percentile per numero di risposta
I tuoi punteggi nel tempo
Non hai fatto questo quiz